| 000 | 01717cam a2200409 4500 | ||
|---|---|---|---|
| 001 | 11659 | ||
| 005 | 20230404125641.0 | ||
| 008 | 060907s2002 cl spa | ||
| 020 | _a9213219938 | ||
| 035 | _9funglode11749 | ||
| 086 | _aLC/L.1701-P | ||
| 041 | _aspa | ||
| 050 | 1 | 4 | _aCD F |
| 100 | 1 | _aRufián Lizana, Dolores María | |
| 245 | 1 | 0 |
_aPolíticas de concesión vial : _banálisis de las experiencias de Chile, Colombia y Perú / _cDolores María Rufián Lizana; Comisión Económica para América Latina y el Caribe. |
| 260 |
_aSantiago de Chile : _bNaciones Unidas, Comisión Económica para America Latina y el Caribe - CEPAL, Instituto Latinoamericano y del Caribe de Planificación Económica y Social, Proyecto ILPES/CAF "Marco Regulatorio, Privatización y Modernización del Estado, _c2002 |
||
| 300 |
_a72 p. ; _c28 cm. |
||
| 440 | 0 |
_aSerie gestión pública ; _v16 |
|
| 500 | _aNúmero de ventas (UN): S.02.II.G.12 | ||
| 650 | 0 |
_aToll roads _zChile. |
|
| 650 | 0 |
_aConcessions _zChile. |
|
| 650 | 0 |
_aToll roads _zColombia. |
|
| 650 | 0 |
_aConcessions _zColombia. |
|
| 650 | 0 |
_aToll roads _zPeru. |
|
| 650 | 0 |
_aConcessions _zPeru. |
|
| 650 | 4 |
_aAutopistas de peaje _zChile. |
|
| 650 | 4 |
_aConcesiones _zChile. |
|
| 650 | 4 |
_aAutopistas de peaje _zColombia. |
|
| 650 | 4 |
_aConcesiones _zColombia. |
|
| 650 | 4 |
_aAutopistas de peaje _zPerú. |
|
| 650 | 4 |
_aConcesiones _zPerú. |
|
| 650 | 4 | _aCEPAL | |
| 710 | 2 |
_aUnited Nations. _bEconomic Commission for Latin America and the Caribbean. |
|
| 710 | 2 | _aComisión Económica para America Latina y el Caribe. | |
| 710 | 2 | _aInstituto Latinoamericano y del Caribe de Planificación Económica y Social, Proyecto ILPES/CAF | |
| 942 |
_2lcc _ccd |
||
| 999 |
_c1896 _d1896 |
||